| 000 | 00413nam a2200121Ia 4500 | ||
|---|---|---|---|
| 008 | 220216s9999 xx 000 0 und d | ||
| 100 | _aLi X R | ||
| 245 | 0 | _aProperties of vulcanised, reinforced rubber compound with 50 PPHR regenerated rubber powder | |
| 260 | _bProceedings of the International Rubber Conference, Kobe, Japan, 1995; p366-372 | ||
| 650 | _aRubber powder | ||
| 650 | _aTyre testing | ||
| 942 | _cJS | ||
| 999 |
_c65997 _d65997 |
||